header

Eugenics, race, and intelligence in education (Record no. 226363)

MARC details
000 -LEADER
fixed length control field 02060nam a2200445 a 4500
082 04 - DEWEY DECIMAL CLASSIFICATION NUMBER
Classification number 363.9/20941
100 1# - MAIN ENTRY--AUTHOR NAME
Personal name Chitty, Clyde.
245 10 - TITLE STATEMENT
Title Eugenics, race, and intelligence in education
260 ## - PUBLICATION, DISTRIBUTION, ETC. (IMPRINT)
Place of publication London ;
-- New York :
Name of publisher Continuum International Pub. Group,
Year of publication 2009, c2007.
300 ## - PHYSICAL DESCRIPTION
Number of Pages xv, 165 p.
505 0# - FORMATTED CONTENTS NOTE
Formatted contents note Introduction: Nature versus nurture -- The "threat" of mass education -- The origins of the eugenics movement -- Eugenics and the intellectuals -- IQ and eleven-plus selection -- Intelligence testing challenged -- The new pre-occupation with intelligence and "race" -- The durability of eugenic theories -- Conclusion: Prospects for the future.
650 #0 - SUBJECT ADDED ENTRY--TOPICAL TERM
Topical Term Eugenics
Topical Term Eugenics
Topical Term Intelligence tests
Topical Term Intelligence tests
Topical Term Classism
Topical Term Racism
Topical Term Education
Topical Term Nature and nurture.
700 1# - ADDED ENTRY--PERSONAL NAME
Personal name Benn, Tony.
856 40 - ELECTRONIC LOCATION AND ACCESS
Uniform Resource Identifier http://site.ebrary.com/lib/rucke/Doc?id=10488223

No items available.

© 2026 Rongo University
Contact us: librarian | system librarian | Rongo university